Statistics for "Of Something" Song Titles

Click here to take the quiz!

General Stats

  • This quiz has been taken 22,884 times
  • The average score is 12 of 22

Answer Stats

Musical Act Song % Correct
Survivor{Eye} of the Tiger
100%
Bryan Adams{Summer} of '69
86%
Johnny Cash{Ring} of Fire
84%
Simon & GarfunkelThe {Sounds} of Silence
80%
Dusty Springfield{Son} of a Preacher Man
79%
The AnimalsThe {House} of the Rising Sun
73%
Bonnie Tyler{Total} {Eclipse} of the Heart
72%
Blondie{Heart} of Glass
72%
Green Day{Boulevard} of Broken Dreams
70%
Jerry Lee Lewis{Great} {Balls} of Fire
58%
The Rolling Stones{Beast} of Burden
51%
Lady GagaThe {Edge} of Glory
50%
Smokey RobinsonThe {Tears} of a Clown
47%
Yes{Owner} of a Lonely Heart
44%
Bruno Mars{Locked} {Out} of Heaven
41%
Asia{Heat} of the Moment
41%
Bachman Turner
Overdrive
{Takin}' {Care} of Business
36%
Wilson Pickett{Land} of 1000 Dances
35%
Cream{Sunshine} of Your Love
34%
Warren Zevon{Werewolves} of London
32%
Aretha Franklin{Chain} of Fools
24%
Gordon LightfootThe {Wreck} of
the Edmund Fitzgerald
21%

Score Distribution

Percentile by Number Answered

Percent of People with Each Score

Your Score History

You have not taken this quiz